| 000 | 00876pam a2200253 a 4500 | ||
|---|---|---|---|
| 001 | 3804224 | ||
| 003 | ARRUPE | ||
| 005 | 20130926123300.0 | ||
| 008 | 850221s1985 pau b 001 0 eng | ||
| 010 | _a 85004430 | ||
| 020 | _a0800618718 (pbk.) | ||
| 040 |
_aDLC _cDLC _dDLC |
||
| 050 | 0 | 0 |
_aBS2506 _b.H85 1985 |
| 100 | 1 |
_aHultgren, Arland J. _91382 |
|
| 245 | 1 | 0 |
_aPaul's gospel and mission : _bthe outlook from his letter to the Romans / _cArland J. Hultgren. |
| 260 |
_aPhiladelphia : _bFortress Press, _cc1985. |
||
| 300 |
_axiv, 162 p. ; _c21 cm. |
||
| 504 | _aIncludes bibliographies and indexes. | ||
| 600 | 0 | 0 |
_aPaul, _cthe Apostle, Saint. _91383 |
| 630 | 0 | 0 |
_aBible N.T. _pRomans _xCriticism, interpretation, etc. _91384 |
| 630 | 0 | 0 |
_aBibleN.T. _pEpistles of Paul _xTheology. _91385 |
| 906 |
_a7 _bcbc _corignew _d1 _eocip _f19 _gy-gencatlg |
||
| 942 |
_2lcc _cMONOGRAPH |
||
| 999 |
_c118078 _d118078 |
||